Estudio de pre-factibilidad para la creación de un centro de tratamiento integral para la obesidad y enfermedades crónicas no transmisibles en el distrito IV de Managua

El trabajo consiste en un estudio de pre-factibilidad para la creación de un centro de nutrición integral para la obesidad y enfermedades crónicas no transmisibles”, surge la oportunidad de inserción al mercado de la salud, bajo la premisa que hasta la fecha en nuestro país no existe un centro...

Full description

Bibliographic Details
Main Authors: Rivera Balmaceda, Skarleth Jeanet, López Salgado, Eyner Oswaldo, Espinoza Martínez, Francisco Javier
Other Authors: Tutor: Zúñiga Morales, Gonzalo de Jesús
Format: Tesis Section = Libro
Language:Undetermined
Spanish
Published: Managua UNI-IES 2019
Subjects:
LEADER 01991nam a2200301Ia 4500
008 240830s9999 xx 000 0 und d
040 |a BIBLIOTECA-RUPAP Mon 658.11 R621 
041 |a spa 
082 |a Mon 658.11 R621 
100 1 |a Rivera Balmaceda, Skarleth Jeanet 
100 1 |b  López Salgado, Eyner Oswaldo 
100 1 |c  Espinoza Martínez, Francisco Javier 
245 1 0 |a Estudio de pre-factibilidad para la creación de un centro de tratamiento integral para la obesidad y enfermedades crónicas no transmisibles en el distrito IV de Managua 
260 |a Managua  |b UNI-IES  |c 2019 
300 |a 114 p. :il. 
500 |a Contiene: anexos y CD. 
502 |a Tesis (Ingeniero de Sistemas)- UNI, 2019. 
520 3 |a El trabajo consiste en un estudio de pre-factibilidad para la creación de un centro de nutrición integral para la obesidad y enfermedades crónicas no transmisibles”, surge la oportunidad de inserción al mercado de la salud, bajo la premisa que hasta la fecha en nuestro país no existe un centro de nutrición que cumpla con la razón de ser de la palabra integral ,por lo que se ideo en este sentido dar cumplimiento a lo antes dicho a través de una serie de servicios, dirigiéndonos especialmente a las personas que se encuentran afectadas con este tipo de enfermedades. Dentro del estudio se identificaron los principales problemas de alimentación que atraviesan los pacientes, para los cuales surge como alternativa de solución la creación de servicios tales como: Consulta médica nutricional y psicológica, preparación de batidos nutricionales y ejercitación física. 
650 7 |a NUEVOS NEGOCIOS-MANAGUA 
650 7 |b ESTUDIOS DE FACTIBILIDAD 
650 7 |c ESTUDIO DE MERCADO 
650 7 |d ESTUDIO FINANCIERO 
650 7 |e ESTUDIO ECONOMICO 
650 7 |f CENTROS DE TRATAMIENTO INTEGRAL-ASPECTO DE SALUDAD 
700 1 |a Tutor:  |b Zúñiga Morales, Gonzalo de Jesús 
942 |c BK  |2 ddc 
991 |a TESIS 
999 |c 16991